00820nam a22002537a 450000500170000001000130001702000100003003500130004003700160005304000120006908200160008110000250009724500600012226000370018227000410021930000250026050000190028565000200030465000280032470000250035294200250037799900190040295201450042120170124110207.0 aA-298416 c00.00 aA-298416 bCen Lib/Ret aDPLbEN a181.45bBES aBesant, Annie973262 aThe Bhagavad-Gita /cby Annie Besant [and] Bhagavan Das aDelhi bAnmol Publicationsc1986 a20 New Layalpur Ext.bDelhi e110051 ax1ix,319p.c21cm(Hb) aIncludes index aHinduism973263 aBhagavadgītā973264 aDas, Bhagavan937608 2ddccENh181.45mBES c133324d133324 04104070aLbLd2015-07-25eCen Lib/Ret g0.00l0o181.45 BESpA-298416r2015-07-25 00:00:00t1v0.00w2015-07-25yENzW/d list no. 6801/9